CLINICAL KINESIOLOGY FOR PHYSICAL THERAPISTASSISTENT (Record no. 1548)

MARC details
000 -LEADER
fixed length control field 00386nam a2200145Ia 4500
008 - FIXED-LENGTH DATA ELEMENTS--GENERAL INFORMATION
fixed length control field 150201s2000 xx 000 0 und d
082 ## - DEWEY DECIMAL CLASSIFICATION NUMBER
Classification number 612.7
Item number C2000L
100 ## - MAIN ENTRY--PERSONAL NAME
Personal name LIPPERT , LYNN S.
245 ## - TITLE STATEMENT
Title CLINICAL KINESIOLOGY FOR PHYSICAL THERAPISTASSISTENT
250 ## - EDITION STATEMENT
Edition statement 3RD
260 ## - PUBLICATION, DISTRIBUTION, ETC. (IMPRINT)
Name of publisher, distributor, etc. F.A. DAVIS COM
Place of publication, distribution, etc. PHILADELPHIA
Date of publication, distribution, etc. 2000
300 ## - PHYSICAL DESCRIPTION
Extent 1-475
650 ## - SUBJECT ADDED ENTRY--TOPICAL TERM
Topical term or geographic name as entry element PHYSIOTHERAPY
942 ## - ADDED ENTRY ELEMENTS (KOHA)
Source of classification or shelving scheme Dewey Decimal Classification
Koha item type Books
Holdings
Withdrawn status Lost status Source of classification or shelving scheme Damaged status Not for loan Collection code Home library Current library Shelving location Date acquired Source of acquisition Cost, normal purchase price SGTU Total Checkouts Full call number Barcode Date last seen Bill Date Koha item type
    Dewey Decimal Classification     MEDICAL SGT Medical Library SGT Medical Library Text Book 22/03/2013 UBS DELHI 400.00 SGTU   612.7 C2000L FM5465 09/02/2015 22/03/2013 Books